LEADER 01279nam a2200301 4500 001 000000331391 003 CaOOAMICUS 005 20181127164606.0 008 181126s2017 it 000 u ita r 020 $a978-88-343-3345-7 040 $aSeMil$bita 100 1 $aAntiseri, Dario,$d<1940- >.$0(OLS)http://semarc/name/3807 245 10$aRitorno ai classici :$bdieci saggi /$cdi D. Antiseri, ... [et al.] ; prefazione di Alessandro Zaccuri. 264 1$aMilano :$bVP, Vita e pensiero,$c2017. 300 $a103 p. ;$c19 cm 490 1 $aPunti 500 $aGią pubblicati in: Vita e pensiero, 2005-2017 541 1 $aFondo Mons. Mario Delpini 650 4$aCultura classica.$0(OLS)http://semarc/subject/47881 700 1 $aZaccuri, Alessandro$b<1963- >,$eautore di introduzione.$0(OLS)http://semarc/name/91723 830 0$aPunti.$0(OLS)http://semarc/title/400336 850 $aSeMil 852 $aSeMil$W1$xVenegono$y1$m1X II 18$j210806$B224583$CSeMilBibl$Z2$F224583 $81 941 1 $a7 996 $6020$a978-88-343-3345-7$9(OLS)http://semarc/number/285691 996 $6245$aRitorno ai classici :$bdieci saggi$9(OLS)http://semarc/title/420099 996 $6264$aMilano :$bVP, Vita e pensiero$9(OLS)http://semarc/publisher/39599 LEADER 01493nam a2200265 i 4500 001 000000185857 003 CaOOAMICUS 005 20100216000000.0 008 100216s2009 it u000 u ita u 013 $a163891 040 $aSeMil$bita 100 1 $aVilla, Giancarlo.$0(OLS)http://semarc/name/46941 245 10$aBachi, filande e telai ; Opifici e ciminiere, 1773-1980 :$bprotagonisti, luoghi e attivitą manifatturiere del tessile, delle calzature e dei laterizi nell'Ottocento e Novecento /$cGiancarlo Villa ; Viviana Paleari. 260 $aVanzago (Mi) :$bFamiglia e Societą,$ccopyr. 2009. 300 $a427 p. :$briccamente ill. ;$c32 cm. 500 $aContiene : Fonti ; Bibliografia. - In preliminari : Dedica autografa. 650 4$aVanzago - Storia.$0(OLS)http://semarc/subject/23611 650 4$aIndustria tessile - Storia - Sec. 18.-20.$0(OLS)http://semarc/subject/35090 650 4$aPogliano Milanese.$0(OLS)http://semarc/subject/35091 700 1 $aPaleari, Viviana.$0(OLS)http://semarc/name/68301 850 $aSeMil 852 $aSeMil$W1$xVenegono$y1$m3P VI 384$j136544$B136544$CSeMilBibl$Z2$F148545 $81 961 $aOmaggio: Re Cecconi don Luigi 996 $6245$aBachi, filande e telai ; Opifici e ciminiere, 1773-1980 :$bprotagonisti, luoghi e attivitą manifatturiere del tessile, delle calzature e dei laterizi nell'Ottocento e Novecento$9(OLS)http://semarc/title/267164 996 $6260$aVanzago (Mi) :$bFamiglia e Societą$9(OLS)http://semarc/publisher/49876